Structure Evolution and Distributions of Grain-Boundary Misorientainons in Submicrocrystalline Molybdenum Irradiated with a Pulsed Electron Beam; Russian Physics Journal; Vol. 61, iss. 1

Λεπτομέρειες βιβλιογραφικής εγγραφής
Parent link:Russian Physics Journal
Vol. 61, iss. 1.— 2018.— [P. 1-6]
Συγγραφή απο Οργανισμό/Αρχή: Национальный исследовательский Томский политехнический университет Инженерная школа ядерных технологий Отделение экспериментальной физики
Άλλοι συγγραφείς: Stepanova E. N. Ekaterina Nikolaevna, Grabovskaya G. P. Galina Petrovna, Teresov A. D. Anton Dmitrievich, Mishin I. P. Ivan Petrovich
Περίληψη:Title screen
Using the methods of electron backscatter diffraction, electron microscopy and X-ray diffraction analysis, it is demonstrated that irradiation of the surface of a submicrocrystalline molybdenum specimen with a pulsed electron beam in a non-melt regime results in the formation of a gradient structure in its bulk. The irradiation temperature is shown to affect the density of defects, the value of stress, and the distributions of grain-boundary misorientations in the surface and bulk of the submicrocrystalline molybdenum specimens.
Режим доступа: по договору с организацией-держателем ресурса
Γλώσσα:Αγγλικά
Έκδοση: 2018
Θέματα:
Διαθέσιμο Online:https://doi.org/10.1007/s11182-018-1357-y
Μορφή: MixedMaterials Ηλεκτρονική πηγή Κεφάλαιο βιβλίου
KOHA link:https://koha.lib.tpu.ru/cgi-bin/koha/opac-detail.pl?biblionumber=658887

MARC

LEADER 00000naa0a2200000 4500
001 658887
005 20250219153520.0
035 |a (RuTPU)RU\TPU\network\27103 
090 |a 658887 
100 |a 20181212d2018 k||y0rusy50 ba 
101 0 |a eng 
135 |a drcn ---uucaa 
181 0 |a i  
182 0 |a b 
200 1 |a Structure Evolution and Distributions of Grain-Boundary Misorientainons in Submicrocrystalline Molybdenum Irradiated with a Pulsed Electron Beam  |f E. N. Stepanova [et al.] 
203 |a Text  |c electronic 
300 |a Title screen 
320 |a [References: 19 tit.] 
330 |a Using the methods of electron backscatter diffraction, electron microscopy and X-ray diffraction analysis, it is demonstrated that irradiation of the surface of a submicrocrystalline molybdenum specimen with a pulsed electron beam in a non-melt regime results in the formation of a gradient structure in its bulk. The irradiation temperature is shown to affect the density of defects, the value of stress, and the distributions of grain-boundary misorientations in the surface and bulk of the submicrocrystalline molybdenum specimens. 
333 |a Режим доступа: по договору с организацией-держателем ресурса 
461 1 |t Russian Physics Journal 
463 1 |t Vol. 61, iss. 1  |v [P. 1-6]  |d 2018 
610 1 |a электронный ресурс 
610 1 |a труды учёных ТПУ 
610 1 |a submicrocrystalline structure 
610 1 |a distribution of grain-boundary misorientations 
610 1 |a molybdenum 
610 1 |a electron beam 
610 1 |a субмикрокристаллические структуры 
610 1 |a молибден 
610 1 |a электронные пучки 
701 1 |a Stepanova  |b E. N.  |c physicist  |c Associate Professor of Tomsk Polytechnic University, Candidate of technical sciences  |f 1981-  |g Ekaterina Nikolaevna  |3 (RuTPU)RU\TPU\pers\35054  |9 18329 
701 1 |a Grabovskaya  |b G. P.  |g Galina Petrovna 
701 1 |a Teresov  |b A. D.  |g Anton Dmitrievich 
701 1 |a Mishin  |b I. P.  |g Ivan Petrovich 
712 0 2 |a Национальный исследовательский Томский политехнический университет  |b Инженерная школа ядерных технологий  |b Отделение экспериментальной физики  |3 (RuTPU)RU\TPU\col\23549 
801 2 |a RU  |b 63413507  |c 20181212  |g RCR 
856 4 0 |u https://doi.org/10.1007/s11182-018-1357-y 
942 |c CF